000 01360nam0a2200325 4500
001 RU\NLR\bibl\152607
005 20260406055046.0
010 _a5-282-02039-4
_92000
021 _aRU
_b2000-42826
_91981
035 _a(NLR Aleph) 000149610
090 _a858335
_c858335
100 _a20010503d2000 |||y0rusy50 ca
101 1 _arus
_ceng
102 _aRU
105 _ay |||||||||
200 1 _aЧеловеческая деятельность
_eТрактат по экон. теории
_fЛюдвиг фон Мизес
_g[Пер. с 3-го испр. англ. изд. А.В. Куряева]
210 _aМ.
_cЭкономика
_d2000
215 _a[2], 875, [2] с.
_d25
300 _aЗагл. и авт. ориг.: Human action/ Ludwig von Mises
320 _aБиблиогр. в подстроч. примеч. и в коммент.: с. 831-841
320 _aИмен. и предм.-имен. указ.: с. 842-868
454 0 _12001#$aHuman action$eA treatise on economics$fLudwig von Mises
_tHuman action
606 0 _aЭкономика
_xТеория
_91565397
_3RU\NLR\auth\66985247
686 _aУ010
700 1 _4070
_8rus
_7ca
_aМизес
_bЛ. фон
_f1881-1973
_gЛюдвиг фон
_3RU\NLR\auth\779499
_9119327
801 0 _aRU
_bNLR
_c20010503
_gPSBO
801 1 _aRU
_bNLR
_c20010503
942 _cBOOK
980 _aNB